Avon : Building the world's premier company for women.
| Main Author: | |
|---|---|
| Format: | Book |
| Published: |
New Jersey:
John Wiley & Sons,
2005.
|
| Subjects: |
| LEADER | 00490cam a2200169 7i4500 | ||
|---|---|---|---|
| 001 | 0000019173 | ||
| 005 | 20070416090000.0 | ||
| 020 | 0 | 0 | |a 0-471-78723-X |
| 090 | 0 | 0 | |a B 338.764672 |b KLE |
| 100 | 2 | 0 | |a Klepacki |
| 245 | 2 | 0 | |a Avon : |b Building the world's premier company for women. |
| 260 | 0 | 0 | |a New Jersey: |b John Wiley & Sons, |c 2005. |
| 300 | # | # | |a 264 p. |
| 650 | 0 | 0 | |a Avon Products |
| 650 | 0 | 0 | |a Cosmetics industry |
| 651 | 0 | 0 | |a Direct selling |
| 999 | |a B000019707 |b Book |c Book |e Business Information Centre | ||


